Statistics for Countries of the World A-Z - With hints

Click here to take the quiz!

General Stats

  • This quiz has been taken 18 times
  • The average score is 169 of 196

Answer Stats

HintCountries% Correct
AfAfghanistan
100%
AuAustralia
100%
AuAustria
100%
AzAzerbaijan
100%
BaBahamas
100%
BaBahrain
100%
BaBangladesh
100%
BaBarbados
100%
BeBenin
100%
BoBolivia
100%
BrBrunei
100%
CyCyprus
100%
CzCzech Republic
100%
DjDjibouti
100%
EaEast Timor
100%
EcEcuador
100%
ElEl Salvador
100%
FiFiji
100%
FiFinland
100%
FrFrance
100%
GhGhana
100%
IcIceland
100%
InIndia
100%
InIndonesia
100%
ItItaly
100%
IvIvory Coast
100%
JaJapan
100%
JoJordan
100%
KaKazakhstan
100%
KeKenya
100%
KiKiribati
100%
LaLaos
100%
LiLiberia
100%
LiLibya
100%
ZiZimbabwe
100%
AlAlbania
93%
AlAlgeria
93%
AnAngola
93%
ArArgentina
93%
BeBelarus
93%
BeBelgium
93%
BeBelize
93%
BhBhutan
93%
BrBrazil
93%
CaCameroon
93%
CaCanada
93%
CoColombia
93%
CrCroatia
93%
DeDenmark
93%
DoDominica
93%
DoDominican Republic
93%
EgEgypt
93%
EqEquatorial Guinea
93%
ErEritrea
93%
EsEstonia
93%
GaGabon
93%
GaGambia
93%
GeGermany
93%
GrGreece
93%
GrGrenada
93%
GuGuinea
93%
GuGuinea-Bissau
93%
GuGuyana
93%
HaHaiti
93%
HoHonduras
93%
HuHungary
93%
IrIran
93%
IrIraq
93%
IrIreland
93%
IsIsrael
93%
JaJamaica
93%
KoKosovo
93%
KyKyrgyzstan
93%
LiLiechtenstein
93%
LiLithuania
93%
LuLuxembourg
93%
MaMadagascar
93%
MeMexico
93%
MyMyanmar
93%
NaNauru
93%
NiNiger
93%
NiNigeria
93%
NoNorway
93%
OmOman
93%
PaPalau
93%
QaQatar
93%
RwRwanda
93%
SpSpain
93%
SuSuriname
93%
SwSweden
93%
SySyria
93%
UzUzbekistan
93%
VaVanuatu
93%
YeYemen
93%
ZaZambia
93%
AnAndorra
87%
AnAntigua and Barbuda
87%
ArArmenia
87%
BoBosnia and Herzegovina
87%
BoBotswana
87%
BuBurundi
87%
CaCambodia
87%
ChChad
87%
ChChile
87%
ChChina
87%
CuCuba
87%
EsEswatini
87%
GuGuatemala
87%
KuKuwait
87%
LaLatvia
87%
LeLesotho
87%
MaMauritius
87%
NaNamibia
87%
NoNorth Korea
87%
PaPakistan
87%
PaPapua New Guinea
87%
PhPhilippines
87%
PoPoland
87%
RoRomania
87%
RuRussia
87%
SrSri Lanka
87%
SwSwitzerland
87%
ThThailand
87%
ToTogo
87%
UgUganda
87%
UkUkraine
87%
UrUruguay
87%
VeVenezuela
87%
BuBulgaria
80%
CaCape Verde
80%
CoComoros
80%
CoCosta Rica
80%
DeDemocratic Republic of the Congo
80%
EtEthiopia
80%
FeFederated States of Micronesia
80%
LeLebanon
80%
MaMalaysia
80%
MaMaldives
80%
MaMauritania
80%
MoMoldova
80%
MoMongolia
80%
MoMozambique
80%
NoNorth Macedonia
80%
PaPanama
80%
PePeru
80%
PoPortugal
80%
SeSenegal
80%
SoSouth Africa
80%
SoSouth Korea
80%
SoSouth Sudan
80%
SuSudan
80%
ToTonga
80%
TuTurkey
80%
TuTurkmenistan
80%
TuTuvalu
80%
UnUnited Kingdom
80%
VaVatican City
80%
ViVietnam
80%
BuBurkina Faso
73%
MaMali
73%
MaMalta
73%
MaMarshall Islands
73%
MoMorocco
73%
NeNew Zealand
73%
NiNicaragua
73%
SeSeychelles
73%
SiSierra Leone
73%
SlSlovakia
73%
SlSlovenia
73%
SoSomalia
73%
TaTanzania
73%
UnUnited Arab Emirates
73%
UnUnited States
73%
CeCentral African Republic
67%
GeGeorgia
67%
MoMonaco
67%
MoMontenegro
67%
NeNepal
67%
NeNetherlands
67%
PaParaguay
67%
SaSaint Kitts and Nevis
67%
SaSaint Lucia
67%
SaSaint Vincent and the Grenadines
67%
SaSan Marino
67%
SaSão Tomé and Príncipe
67%
SeSerbia
67%
SiSingapore
67%
TaTaiwan
67%
TaTajikistan
67%
TrTrinidad and Tobago
67%
TuTunisia
67%
MaMalawi
60%
SaSaudi Arabia
60%
SoSolomon Islands
60%
ReRepublic of the Congo
53%
SaSamoa
47%

Score Distribution

Percentile by Number Answered

Percent of People with Each Score

Your Score History

You have not taken this quiz